000 00926cam a22002773a 4500
001 13134
003 PGUSA
005 20140828083301.0
008 040807s2004||||xxu|||||s|||||000 | eng d
040 _aPGUSA
_beng
042 _adc
050 4 _aQL
100 1 _aMaeterlinck, Maurice,
_d1862-1949
245 1 0 _aMehiläisten elämä
_h[electronic resource] /
_cMaurice Maeterlinck
260 _bProject Gutenberg,
_c2004
500 _aTranslation of: La vie des abeilles
505 0 _aPesän lentolaudalla -- Parveilu -- Uuden yhteiskunnan perustaminen -- Nuoret kuningattaret -- Häälento -- Kuhnurien joukkosurma -- Lajin kehitys.
506 _aPublic domain in the USA.
516 _aElectronic text
653 _aBees
700 1 _aFieandt, Anna,
_d1882-1958
740 0 _aLa vie des abeilles. Finnish
830 0 _aProject Gutenberg
_v13134
856 4 0 _uhttp://www.gutenberg.org/ebooks/13134
942 _cEB
999 _c242389
_d242389